La hija del sepulturero / (Registro nro. 10828)

Detalles MARC
000 -LIDER
fixed length control field 01143cam a2200373 i 4500
001 - NÚMERO DE CONTROL
Identificador de número de control 0000480
003 - IDENTIFICACDOR DE NÚMERO DE CONTROL
control field DO-SdBNP
005 - DATE AND TIME OF LATEST TRANSACTION
control field 20171113100731.0
007 - CAMPOS FIJOS DE DESCRIPCIÓN FÍSICA
fixed length control field 0000480
008 - ELEMENTOS DE LONGITUD FIJA
fixed length control field 100514s 2009 mx | |||| 000 f spa
015 ## - NÚMERO DENTRO DE LA BIBLIOGRAFÍA NACIONAL
National bibliography number
017 ## - NÚMERO DE REGISTRO DE DERECHOS DE AUTOR
Copyright or legal deposit number
Assigning agency
020 ## - ISBN
International Standard Book Number 9786071101167
035 ## - NÚMERO LOCAL
System control number
040 ## - FUENTE DE CATALOGACIÓN
Agencia que crea de manera original el registro BPMSU
Idioma de catalogación spa
Agencia que realiza la transcripción BPMSU
Convenciones de la despripción
080 ## - NÚMERO DE CLASIFICACIÓN DECIMAL UNIVERSAL
Universal Decimal Classification number
082 #4 - NÚMERO DE CLASIFICACIÓN DECIMAL DE DEWEY
Classification number 813.54
Item number O11hi, 2009
100 1# - ASIENTO PRINCIPAL -- NOMBRE PERSONAL
Nombre personal Oates, Joyce Carol,
Fechas asociadas con el nombre 1938-
240 14 - TITULO UNIFORME
Título uniforme The gravedigger's daugther. /
Idioma de una obra Español
245 13 - MENCIÓN DE TITULO
Título La hija del sepulturero /
Mención de responsabilidad Joyce Carol Oates ; traducción José Luis López Muñoz
250 ## - MENCIÓN DE EDICION
Mención de edición
260 ## - PUBLICACIÓN, DISTRIBUCIÓN, ETC. (PIE DE IMPRENTA)
Lugar de publicación, distribución, etc México :
Nombre del editor, distribuidor, etc. Alfaguara,
Fecha de publicación, distribución, etc 2008
300 ## - DESCRIPCIÓN FÍSICA
Extensión 682 p.:
Dimensiones 26 cm
490 1# - MENCIÓN DE SERIES
Mención de serie Punto de lectura
Volume/sequential designation 298/2
500 ## - NOTA GENERAL
Nota general Incluye datos biográficos del autor en la solapa de la cubierta
500 ## - NOTA GENERAL
Nota general Título original en inglés: The gravedigger's daugther.
650 #4 - ENCABEZAMIENTO DE MATERIA--TEMÁTICO
Término temático o nombre geográfico como elemento de entrada NOVELA ESTADOUNIDENSE
650 #4 - ENCABEZAMIENTO DE MATERIA--TEMÁTICO
Término temático o nombre geográfico como elemento de entrada LITERATURA ESTADOUNIDENSE
700 12 - ASIENTO SECUNDARIO -- NOMBRE PERSONAL
Nombre personal López Muñoz, José Luis,
Mención de responsabilidad tr.
830 #0 - ASIENTO SECUNDARIO DE SERIE--TÍTULO UNIFORME
Título uniforme
Número de la parte o sección de una obra
942 ## - ADDED ENTRY ELEMENTS (KOHA)
Source of classification or shelving scheme Dewey Decimal Classification
Koha item type Libros
945 ## - INFORMACIÓN DE PROCESAMIENTO LOCAL
Información de procesamiento local Inventariado extranjero / 2017 VM
956 ## - LOCAL ELECTRONIC LOCATION AND ACCESS (OCLC)
Nombre de host VMATEO
Campo enlazado y núm. de secuencia 10
Información de compresión 20160712
Método de acceso BPMSU
Materiales especificados 00069
Existencias
Withdrawn status Lost status Source of classification or shelving scheme Damaged status Not for loan Collection code Home library Current library Date acquired Source of acquisition Total Checkouts Full call number Barcode Date last seen Price effective from Koha item type Copy number
    Dewey Decimal Classification     Colección Juvenil General Biblioteca Pública Metropolitana Salomé Ureña Biblioteca Pública Metropolitana Salomé Ureña 07/12/2016 ALFAGUARA   813.54O11hi 2008 BPMSU16070387 07/12/2016 07/12/2016 Libros  
    Dewey Decimal Classification     Colección Juvenil General Biblioteca Pública Metropolitana Salomé Ureña Biblioteca Pública Metropolitana Salomé Ureña 07/12/2016 ALFAGUARA   813.54O11hi 2008 BPMSU16070388 07/12/2016 07/12/2016 Libros e. 2
    Dewey Decimal Classification     Colección Juvenil General Biblioteca Pública Metropolitana Salomé Ureña Biblioteca Pública Metropolitana Salomé Ureña 07/12/2016 ALFAGUARA   813.54O11hi 2008 BPMSU16070389 07/12/2016 07/12/2016 Libros e. 3